| 000 | 00443pab a2200157 454500 | ||
|---|---|---|---|
| 008 | 180718b1986 xxu||||| |||| 00| 0 eng d | ||
| 100 | _aWissem, Leo Van | ||
| 245 |
_aHousehold dynamics and the housing market _bA model for the Amsterdam region |
||
| 260 | _c1986 | ||
| 300 | _a37-55 | ||
| 650 | _aHousing - Netherland | ||
| 700 | _aPeter Nijkamp | ||
| 700 | _aAnnemarid, Rima | ||
| 773 | _aIndian Journal of Regional Science | ||
| 909 | _a9960 | ||
| 999 |
_c9960 _d9960 |
||